Vedecký profil Katedry pedagogiky Pedagogickej fakulty Trnavskej univerzity v Trnave

Podrobná bibliografia
Hlavný autor: Špánik, Miroslav (Autor)
Médium: Článok
Jazyk:slovenčina
ISSN:1335-1982
Predmet:

MARC

LEADER 00000nab a2200000 a 4500
001 vtls000858177
003 SK-MaSNL
005 20260426104517.0
008 250429c2003 xo 0 slo
015 |a SNBRB2004/01-00681 
035 |a CLN000209827 
035 |a urn:nbn:sk:snk-ab7js5 
035 |a (urnnbn)urn:nbn:sk:snk:ar-005yw7 
035 |a (uuid)e9266b09-06c3-49c1-b1e2-f3dd21511448 
040 |a SNKBUCL  |b slo  |c SNKBUCL  |e AACR2 
041 0 |a slo 
044 |a xo  |c SK 
080 |a 378.4.096(437.6):37  |2 1997 
100 1 |a Špánik, Miroslav  |4 aut  |9 7321 
245 1 0 |a Vedecký profil Katedry pedagogiky Pedagogickej fakulty Trnavskej univerzity v Trnave  |c Miroslav Špánik 
610 2 7 |a Trnavská univerzita v Trnave.  |b Pedagogická fakulta  |2 snkbucl  |9 180166 
651 7 |a Trnava (Slovensko : okres)  |2 snkbucl  |9 51837 
655 7 |a články z novín a časopisov  |2 snkbucl  |9 267496 
773 0 |t Pedagogická revue  |g Roč. 55, č. 4 (2003), s. 410-413  |x 1335-1982 
850 |a Slovenská národná knižnica 
852 |a Slovenská národná knižnica 
954 |a odborná, vedecká literatúra pôvodná (slovenská)  |2 lita 
958 |a article7 
958 |a SK 
958 |a OND 
958 |a EUIPO 
992 |a RBX 
999 |c 3319931  |d 3321861